000 00498nmm a2200157Ia 4500
008 251105s9999||||xx |||||||||||||||||und||
041 _aspa
100 _aUgarte Pérez, Javier
245 0 _aPlacer que nunca muere :
_b Sobre la regulación del homoerotismo en occidente
264 _a[Madrid, España] :
_bEditorial Egales,
_c2019
300 _a43 páginas
490 _aEnsayo
650 _aSocial Sciences (General)
856 _uhttps://public.digitaliapublishing.com/a/156320
942 _cCF
999 _c99205
_d99205